000 00743nam a2200229Ia 4500
003 OSt
005 20220923225136.0
006 a|||||r|||| 00| 0
007 ta
008 220922b |||||||| |||| 00| 0 san d
024 _a258,289
037 _cTextual
040 _aARTS
_cARTS
_bsan
041 _2san
_asan
082 _aO15:g, L8
100 _aमिश्र, केदारनाथ, संपा.
245 0 _aभक्हिेतुनिर्णय
246 _aBhakhietunirṇaya
260 _aवाराणसी
_b आनन्द प्रकाशन संस्थान
_c1978
942 _hO15:g, L8
_cTEXL
_2CC
999 _c376346
_d376346